| 000 | 00781cam a2200169 4500 | ||
|---|---|---|---|
| 001 | ABS60919 | ||
| 008 | 000000n1999 000 0 eng u | ||
| 035 | _a(Sirsi) u101456 | ||
| 100 | _aRidley, M. | ||
| 245 | _aAsbestos controls to tighten. | ||
| 260 | _c1999 | ||
| 490 |
_aProperty Week _v64(29) 23 July 1999, 38-39(2) |
||
| 520 | _aThe author warns that new legislation placing greater duties on occupiers of non-domestic buildings will bring the control of asbestos into line with other safety regulations in the workplace. He advises surveyors to review their procedures and ensure they are properly prepared to deal with asbestos. | ||
| 650 | _aMANAGEMENT-HEALTH AND SAFETY-HAZARDOUS SUBSTANCES-ASBESTOS | ||
| 690 | _aBUILT ENVIRONMENT-BUILDING INSPECTION | ||
| 942 | _n0 | ||
| 999 |
_c60592 _d60592 |
||